Reklamní trh v ČR: analýza mediální proliferace
Analýza vplyvu proliferácie médií na vývoj reklamného trhu v masmédiách v Českej republike v rokoch 2010-2016. Snaha médií odlíšiť sa od konkurencie a orientovať sa na špecifické skupiny. Prejavy mediálnej proliferácie. Analýza českého televízneho trhu, rozhlasového trhu a trhu tlačených médií.
Na minha lista:
| Autor principal: | |
|---|---|
| Outros Autores: | |
| Formato: | Capítulo de Livro |
| Idioma: | tcheco |
| Assuntos: | |
| Tags: |
Sem tags, seja o primeiro a adicionar uma tag!
|
MARC
| LEADER | 00000nla a2200000 4500 | ||
|---|---|---|---|
| 001 | 0237073 | ||
| 005 | 20240417075128.6 | ||
| 041 | 0 | |a cze | |
| 044 | |a CZ | ||
| 245 | 1 | 0 | |a Reklamní trh v ČR: analýza mediální proliferace |c Daria Gunina, Tomáš Kincl |
| 520 | |a Analýza vplyvu proliferácie médií na vývoj reklamného trhu v masmédiách v Českej republike v rokoch 2010-2016. Snaha médií odlíšiť sa od konkurencie a orientovať sa na špecifické skupiny. Prejavy mediálnej proliferácie. Analýza českého televízneho trhu, rozhlasového trhu a trhu tlačených médií. | ||
| 610 | 2 | 0 | |a reklama |
| 610 | 2 | 0 | |a propagácia |
| 610 | 2 | 0 | |a trh |
| 610 | 2 | 0 | |a médiá |
| 610 | 2 | 0 | |a televízia |
| 610 | 2 | 0 | |a rozhlas |
| 610 | 2 | 0 | |a tlač |
| 610 | 2 | 0 | |a konkurencia |
| 610 | 2 | 0 | |a investície |
| 610 | 2 | 0 | |a Česko |
| 100 | 1 | |a Gunina, Daria | |
| 700 | 1 | |a Kincl, Tomáš | |